000 00732cam a2200145 4500500
005 20260208005833.0
041 _afre
042 _adc
100 1 0 _aPety, Dominique
_eauthor
245 0 0 _aSANDRINE BERTHELOT, L’Esthétique de la dérision dans les romans de la période réaliste en France (1850-1870). Genèse, épanouissement et sens du grotesque. Paris, Champion, coll. « Romantisme et modernités, 83 », 2004. Un vol. 15,5 × 22,5 de 731 p.
260 _c2005.
500 _a96
786 0 _nRevue d'histoire littéraire de la France | 105 | 4 | 2005-10-01 | p. 1031t-1076t | 0035-2411
856 4 1 _uhttps://shs.cairn.info/revue-d-histoire-litteraire-de-la-france-2005-4-page-1031t?lang=fr&redirect-ssocas=7080
999 _c1654053
_d1654053